El túnel
Αποθηκεύτηκε σε:
| Κύριος συγγραφέας: | |
|---|---|
| Μορφή: | Βιβλίο |
| Γλώσσα: | Undetermined |
| Έκδοση: |
Barcelona
Seix Barral
1981
|
| Έκδοση: | 3 |
| Θέματα: | |
| Ετικέτες: |
Προσθήκη ετικέτας
Δεν υπάρχουν, Καταχωρήστε ετικέτα πρώτοι!
|
MARC
| LEADER | 00000nam a2200000Ia 4500 | ||
|---|---|---|---|
| 008 | 170316s9999 xx 000 0 und d | ||
| 040 | |a cru BVZT | ||
| 090 | |a 860 S-1t | ||
| 100 | |a Sábato, Ernesto | ||
| 245 | |a El túnel | ||
| 250 | |a 3 | ||
| 260 | |a Barcelona | ||
| 260 | |b Seix Barral | ||
| 260 | |c 1981 | ||
| 300 | |a 137 páginas | ||
| 650 | |a LITERATURA LATINOAMERICANA | ||
| 999 | |c 9212 |d 9212 | ||
| 942 | |c 15 D |h 860 S-1t |2 z | ||
